Koncepcia vodohospodárskej politiky Slovenskej republiky

V r. 1994 bola schválená koncepcia vodohospodárskej politiky SR, ktorá je časovo orientovaná do r. 2 005. Hlavné úlohy v jednotlivých oblastiach: - vodné toky, - vodné diela, - hydroenergetické diela, - vodné cesty, - vodovody a kanalizácia, - akosť vôd a ich ochrana, - privatizácia a transformácia,...

ver descrição completa

Na minha lista:
Detalhes bibliográficos
Autor principal: Husárik, J.
Formato: Capítulo de Livro
Idioma:eslovaco
Assuntos:
Tags: Adicionar Tag
Sem tags, seja o primeiro a adicionar uma tag!

MARC

LEADER 00000naa a2200000 4500
001 r024540
005 20221213114926.4
041 0 |a slo 
044 |a SK 
245 1 0 |a Koncepcia vodohospodárskej politiky Slovenskej republiky  |c J. Husárik 
520 |a V r. 1994 bola schválená koncepcia vodohospodárskej politiky SR, ktorá je časovo orientovaná do r. 2 005. Hlavné úlohy v jednotlivých oblastiach: - vodné toky, - vodné diela, - hydroenergetické diela, - vodné cesty, - vodovody a kanalizácia, - akosť vôd a ich ochrana, - privatizácia a transformácia, - veda a výskum, - školstvo, - informačné systémy, - rybárstvo. Zásady vodohospodárskej politiky. 
610 2 0 |a vodohospodárstvo 
610 2 0 |a politika hospodárska 
610 2 0 |a Slovensko 
610 2 0 |a koncepcie 
610 2 0 |a 2005 
610 2 0 |a vláda 
610 2 0 |a toky vodné 
610 2 0 |a diela vodné 
610 2 0 |a voda 
610 2 0 |a cesty vodné 
610 2 0 |a kanalizácia 
610 2 0 |a vodárenstvo 
610 2 0 |a rybárstvo 
610 2 0 |a veda 
610 2 0 |a výskum 
610 2 0 |a školstvo 
610 2 0 |a systémy informačné 
100 1 |a Husárik, J.